000 00668cam a22002293a 4500
001 21569
003 PGUSA
005 20140828083447.0
008 070522s2007||||xxu|||||s|||||000 | eng d
040 _aPGUSA
_beng
042 _adc
050 4 _aDS
100 1 _aBent, J. Theodore
_q(James Theodore),
_d1852-1897
245 1 0 _aSouthern Arabia
_h[electronic resource] /
_cJ. Theodore Bent
260 _bProject Gutenberg,
_c2007
506 _aPublic domain in the USA.
516 _aElectronic text
653 _aArabian Peninsula -- Description and travel
830 0 _aProject Gutenberg
_v21569
856 4 0 _uhttp://www.gutenberg.org/ebooks/21569
942 _cEB
999 _c250824
_d250824